000 01192nam a2200277Ia 4500
001 19928
003 DO-CoUTE
005 20260204212506.0
008 220102s9999 dr 000 0 spa d
040 _aDO-CoUTE
_bspa
_cDO-CoUTE
041 0 _aspa
090 _aEDU-BQ 2019 M15
100 1 _aManzueta Marte, Betsaida
_esustentante
245 1 0 _aEl manejo de residuos sólidos del Distrito Educativo 16-03 / Betsaida Manzueta Marte, Javier Enrique Camacho Robles, Eulogia Cleto Alejo. ; asesor Estela Hernández
260 _aCotuí, República Dominicana :
_bUTECO,
_c2019
300 _a48 hojas :
_bIlustraciones ;
_c28cm.
502 _aTrabajo de grado (Licenciatura en Educación, Mención Biología y Química )--Universidad Tecnológica del Cibao Oriental, 2019
504 _aIncluye referencia bibliográfica e índice
650 4 _aManejo de residuos sólidos del Distrito
700 1 _aCamacho Robles, Javier Enrique
_esustentante
700 1 _aCleto Alejo, Eulogia
_esustentante
830 0 _aTesis y disertaciones académicas (Universidad Tecnológica del Cibao Oriental)
942 _2LC
_cTH
999 _c19681
_d19681